000 00425nam a22001697a 4500
003 MACL
005 20160730113818.0
008 160730b xxu||||| |||| 00| 0 eng d
040 _cMACL
041 _aHindi
082 _a364 AMB
100 _aAmbastha, N.K.
_965722
245 _aExtremism In India
_cN.K. Ambastha
260 _aNew Delhi
_bClassical Publising
_c2010
650 _aTerrorism
_917107
942 _2ddc
_cBK
999 _c55294
_d55294